|
|
|
|
| LEADER |
00000nas a2200000 a 4500 |
| 001 |
si7309 |
| 003 |
Ucuenca |
| 005 |
20230308223827.0 |
| 008 |
013042| ||||||||r|||||||||||||||| |
| 020 |
|
|
|a 9786077652212
|
| 040 |
|
|
|b spa
|
| 041 |
0 |
|
|a spa
|
| 082 |
0 |
|
|a 050
|b U48a
|
| 110 |
2 |
|
|a Universidad Anáhuac México.
|9 192141
|
| 245 |
|
0 |
|a Anuario de investigación Anáhuac
|c Universidad Anáhuac México Norte. Coordinador Jesús Heraclio del Río Martínez. Editora María del Carmen Gómez Manuel
|h imp
|b julio 2010-junio 2011
|
| 264 |
|
|
|a México D.F.
|b Anáhuac
|c 2012
|
| 300 |
|
|
|a 446 páginas:
|b ilu
|c 18 cm
|
| 362 |
|
|
|a 2012
|
| 650 |
|
|
|a Anuario de investigacion anahuac
|9 192142
|
| 650 |
|
|
|a Investigaciones mexico
|9 192143
|
| 650 |
|
|
|9 1133
|a Universidades
|
| 852 |
|
|
|a UC-CDJBV
|f Donación
|k epenafiel
|l 1
|m General
|p 20130429
|q 1.00
|r 2
|t si7309
|b 0
|d CDRC
|e CDRC
|g 050 U48a TERCER PISO (SECCION REVISTAS)
|z 2013-30-42
|
| 942 |
|
|
|c SER
|
| 999 |
|
|
|c 146432
|d 146432
|